Statistics for Parishes of Barbados with a Map

Click here to take the quiz!

General Stats

  • This quiz has been taken 727 times
  • The average score is 8 of 11

Answers on the Map

Answers color-coded by a green-red scale on the quiz's map according to % correct below.
 

Answer Stats

Parish% Correct
Saint John
91%
Saint Peter
85%
Saint George
84%
Saint Andrew
83%
Saint James
75%
Saint Thomas
73%
Christ Church
72%
Saint Philip
72%
Saint Lucy
71%
Saint Joseph
68%
Saint Michael
68%

Score Distribution

Percentile by Number Answered

Percent of People with Each Score

Your Score History

You have not taken this quiz